Biomarcadores, ferritina y dímero D como predictores de mortalidad en pacientes con insuficiencia respiratoria Covid 19 positivos en terapia intensiva del Sanatorio Británico (Registro nro. 5513)

Detalles MARC
000 -CABECERA
campo de control de longitud fija 00887nam a22002177a 4500
003 - IDENTIFICADOR DEL NÚMERO DE CONTROL
campo de control AR-RoIUNI
005 - FECHA Y HORA DE LA ÚLTIMA TRANSACCIÓN
campo de control 20221219144312.0
008 - DATOS DE LONGITUD FIJA--INFORMACIÓN GENERAL
campo de control de longitud fija 221219b xxu||||| |||| 00| 0 spa d
040 ## - FUENTE DE LA CATALOGACIÓN
Centro/agencia transcriptor AR-RoIUNI
080 ## - NÚMERO DE LA CLASIFICACIÓN DECIMAL UNIVERSAL
Número de la Clasificación Decimal Universal 001
100 1# - ENTRADA PRINCIPAL--NOMBRE DE PERSONA
Nombre de persona Lovotti, Antonella Lucía
245 1# - MENCIÓN DE TÍTULO
Título Biomarcadores, ferritina y dímero D como predictores de mortalidad en pacientes con insuficiencia respiratoria Covid 19 positivos en terapia intensiva del Sanatorio Británico
Mención de responsabilidad, etc. Antonella Lucía Lovotti, [director] Dr. Germán Schmukler,[co-director] Dra. Antonela Baialardo
260 ## - PUBLICACIÓN, DISTRIBUCIÓN, ETC. (PIE DE IMPRENTA)
Lugar de publicación, distribución, etc. Rosario
Nombre del editor, distribuidor, etc. IUNIR
Fecha de publicación, distribución, etc. 2022
300 1# - DESCRIPCIÓN FÍSICA
Extensión 33 p.
Dimensiones 30 cm.
490 ## - MENCIÓN DE SERIE
Mención de serie Carrera de especialización en Terapia Intensiva
650 14 - PUNTO DE ACCESO ADICIONAL DE MATERIA--TÉRMINO DE MATERIA
Término de materia o nombre geográfico como elemento inicial Insuficiencia respiratoria
650 10 - PUNTO DE ACCESO ADICIONAL DE MATERIA--TÉRMINO DE MATERIA
9 (RLIN) 341
Término de materia o nombre geográfico como elemento inicial Terapia Intensiva
700 1# - PUNTO DE ACCESO ADICIONAL--NOMBRE DE PERSONA
Nombre de persona Schmukler, Germán
Término indicativo de función/relación Director
830 ## - PUNTO DE ACCESO ADICIONAL DE SERIE-TÍTULO UNIFORME
9 (RLIN) 580
Título uniforme Carrera de especialización en Terapia Intensiva
942 ## - ELEMENTOS DE PUNTO DE ACCESO ADICIONAL (KOHA)
Fuente del sistema de clasificación o colocación Clasificación Decimal Universal
Tipo de ítem Koha Trabajos de especialización
Existencias
Estado de retiro Estado de pérdida Fuente del sistema de clasificación o colocación Estado dañado Excepción de préstamo Código de colección Localización permanente Ubicación/localización actual Ubicación en estantería Fecha de adquisición Número de inventario Total de préstamos Signatura topográfica completa Código de barras Fecha visto por última vez Precio válido a partir de Tipo de ítem Koha
    Clasificación Decimal Universal     Trabajos de Especialización BIBLIOTECA CENTRAL BIBLIOTECA CENTRAL BIBLIOTECA CENTRAL 19/12/2022 7389   001 7389 19/12/2022 19/12/2022 Trabajos de especialización